00601 2200217 4500001002100000005001500021035002000036007000300056008004100059020002200100082001600122084002200138100001400160245002300174250001800197260006500215300002900280650002800309650002800337856001800365INLIS00000000000002220250710112719 a0010-0725000022ta250710 a 0 ind  a978-623-307-189-5 a398.209.598 a398.209.598 SAP d0 aSaptorini1 aDaun-Daun Istimewa aCetakan Kedua aBadan Pengembangan dan Pembinaan Bahasa :bRawamangun,c2021 a28 hlm. :bIlus. ;c29,7 4aCerita Anak - Indonesia 4aLiterasi - Bahan bacaan aTBM AS SUHADA